<?xml version="1.0" encoding="UTF-8"?>
<collection xmlns="http://www.loc.gov/MARC21/slim">
 <record>
  <leader>06098cam a2201045   4500</leader>
  <controlfield tag="001">746859678</controlfield>
  <controlfield tag="003">DE-627</controlfield>
  <controlfield tag="005">20240308173505.0</controlfield>
  <controlfield tag="007">tu</controlfield>
  <controlfield tag="008">130527s2013    xxk|||||      00| ||eng c</controlfield>
  <datafield tag="010" ind1=" " ind2=" ">
   <subfield code="a">  2012277758</subfield>
  </datafield>
  <datafield tag="020" ind1=" " ind2=" ">
   <subfield code="a">9780199570928</subfield>
   <subfield code="9">978-0-19-957092-8</subfield>
  </datafield>
  <datafield tag="020" ind1=" " ind2=" ">
   <subfield code="a">0199570922</subfield>
   <subfield code="9">0-19-957092-2</subfield>
  </datafield>
  <datafield tag="024" ind1="3" ind2=" ">
   <subfield code="a">9780199570928</subfield>
  </datafield>
  <datafield tag="035" ind1=" " ind2=" ">
   <subfield code="a">(DE-627)746859678</subfield>
  </datafield>
  <datafield tag="035" ind1=" " ind2=" ">
   <subfield code="a">(DE-576)377913936</subfield>
  </datafield>
  <datafield tag="035" ind1=" " ind2=" ">
   <subfield code="a">(DE-599)GBV746859678</subfield>
  </datafield>
  <datafield tag="035" ind1=" " ind2=" ">
   <subfield code="a">(OCoLC)854177711</subfield>
  </datafield>
  <datafield tag="035" ind1=" " ind2=" ">
   <subfield code="a">(OCoLC)823045101</subfield>
  </datafield>
  <datafield tag="035" ind1=" " ind2=" ">
   <subfield code="a">(OCoLC)854177711</subfield>
  </datafield>
  <datafield tag="040" ind1=" " ind2=" ">
   <subfield code="a">DE-627</subfield>
   <subfield code="b">ger</subfield>
   <subfield code="c">DE-627</subfield>
   <subfield code="e">rda</subfield>
  </datafield>
  <datafield tag="041" ind1=" " ind2=" ">
   <subfield code="a">eng</subfield>
  </datafield>
  <datafield tag="044" ind1=" " ind2=" ">
   <subfield code="c">XA-GB</subfield>
  </datafield>
  <datafield tag="050" ind1=" " ind2="0">
   <subfield code="a">HT148.A34</subfield>
  </datafield>
  <datafield tag="082" ind1="0" ind2=" ">
   <subfield code="a">307.76096109015</subfield>
   <subfield code="q">LOC</subfield>
   <subfield code="2">23</subfield>
  </datafield>
  <datafield tag="084" ind1=" " ind2=" ">
   <subfield code="a">6,12</subfield>
   <subfield code="2">ssgn</subfield>
  </datafield>
  <datafield tag="084" ind1=" " ind2=" ">
   <subfield code="a">6,14</subfield>
   <subfield code="a">6,22</subfield>
   <subfield code="a">1</subfield>
   <subfield code="2">ssgn</subfield>
  </datafield>
  <datafield tag="084" ind1=" " ind2=" ">
   <subfield code="a">1</subfield>
   <subfield code="2">ssgn</subfield>
  </datafield>
  <datafield tag="084" ind1=" " ind2=" ">
   <subfield code="a">NH 8040</subfield>
   <subfield code="q">BVB</subfield>
   <subfield code="2">rvk</subfield>
   <subfield code="0">(DE-625)rvk/125807:12245</subfield>
  </datafield>
  <datafield tag="084" ind1=" " ind2=" ">
   <subfield code="a">NG 1650</subfield>
   <subfield code="2">rvk</subfield>
   <subfield code="0">(DE-625)rvk/125419:</subfield>
  </datafield>
  <datafield tag="084" ind1=" " ind2=" ">
   <subfield code="a">LG 6600</subfield>
   <subfield code="q">BVB</subfield>
   <subfield code="2">rvk</subfield>
   <subfield code="0">(DE-625)rvk/92160:</subfield>
  </datafield>
  <datafield tag="084" ind1=" " ind2=" ">
   <subfield code="a">NG 8040</subfield>
   <subfield code="q">BVB</subfield>
   <subfield code="2">rvk</subfield>
   <subfield code="0">(DE-625)rvk/125441:13125</subfield>
  </datafield>
  <datafield tag="084" ind1=" " ind2=" ">
   <subfield code="a">NG 8060</subfield>
   <subfield code="q">BVB</subfield>
   <subfield code="2">rvk</subfield>
   <subfield code="0">(DE-625)rvk/125441:13126</subfield>
  </datafield>
  <datafield tag="084" ind1=" " ind2=" ">
   <subfield code="a">15.91</subfield>
   <subfield code="2">bkl</subfield>
  </datafield>
  <datafield tag="084" ind1=" " ind2=" ">
   <subfield code="a">11.19</subfield>
   <subfield code="2">bkl</subfield>
  </datafield>
  <datafield tag="084" ind1=" " ind2=" ">
   <subfield code="a">11.51</subfield>
   <subfield code="2">bkl</subfield>
  </datafield>
  <datafield tag="084" ind1=" " ind2=" ">
   <subfield code="a">15.28</subfield>
   <subfield code="2">bkl</subfield>
  </datafield>
  <datafield tag="100" ind1="1" ind2=" ">
   <subfield code="a">Leone, Anna</subfield>
   <subfield code="0">(DE-588)134262646</subfield>
   <subfield code="0">(DE-627)566075032</subfield>
   <subfield code="0">(DE-576)300410743</subfield>
   <subfield code="4">aut</subfield>
  </datafield>
  <datafield tag="245" ind1="1" ind2="4">
   <subfield code="a">The end of the Pagan city</subfield>
   <subfield code="b">religion, economy, and urbanism in Late Antique North Africa</subfield>
   <subfield code="c">Anna Leone</subfield>
  </datafield>
  <datafield tag="250" ind1=" " ind2=" ">
   <subfield code="a">1. ed.</subfield>
  </datafield>
  <datafield tag="264" ind1=" " ind2="1">
   <subfield code="a">Oxford [u.a.]</subfield>
   <subfield code="b">Oxford Univ Pr.</subfield>
   <subfield code="c">2013</subfield>
  </datafield>
  <datafield tag="300" ind1=" " ind2=" ">
   <subfield code="a">XXII, 319 S.</subfield>
   <subfield code="b">Ill., Kt.</subfield>
  </datafield>
  <datafield tag="336" ind1=" " ind2=" ">
   <subfield code="a">Text</subfield>
   <subfield code="b">txt</subfield>
   <subfield code="2">rdacontent</subfield>
  </datafield>
  <datafield tag="337" ind1=" " ind2=" ">
   <subfield code="a">ohne Hilfsmittel zu benutzen</subfield>
   <subfield code="b">n</subfield>
   <subfield code="2">rdamedia</subfield>
  </datafield>
  <datafield tag="338" ind1=" " ind2=" ">
   <subfield code="a">Band</subfield>
   <subfield code="b">nc</subfield>
   <subfield code="2">rdacarrier</subfield>
  </datafield>
  <datafield tag="500" ind1=" " ind2=" ">
   <subfield code="a">Literaturverz. S. [271] - 313</subfield>
  </datafield>
  <datafield tag="500" ind1=" " ind2=" ">
   <subfield code="a">Rezension (Review): Augustiniana 64 (2014) 274 (A. Dupont)</subfield>
  </datafield>
  <datafield tag="583" ind1="1" ind2=" ">
   <subfield code="a">Archivierung/Langzeitarchivierung gewährleistet</subfield>
   <subfield code="f">SSG</subfield>
   <subfield code="2">pdager</subfield>
   <subfield code="5">DE-21</subfield>
  </datafield>
  <datafield tag="583" ind1="1" ind2=" ">
   <subfield code="a">Archivierung/Langzeitarchivierung gewährleistet</subfield>
   <subfield code="f">SSG</subfield>
   <subfield code="x">XA-DE-BW</subfield>
   <subfield code="2">pdager</subfield>
   <subfield code="5">DE-16</subfield>
  </datafield>
  <datafield tag="650" ind1=" " ind2="0">
   <subfield code="a">Cities and towns</subfield>
   <subfield code="z">Africa, North</subfield>
   <subfield code="x">History</subfield>
   <subfield code="y">To 1500</subfield>
  </datafield>
  <datafield tag="650" ind1=" " ind2="0">
   <subfield code="a">Cities and towns</subfield>
   <subfield code="x">Religious aspects</subfield>
   <subfield code="x">Paganism</subfield>
  </datafield>
  <datafield tag="650" ind1=" " ind2="0">
   <subfield code="a">Paganism</subfield>
   <subfield code="z">Africa, North</subfield>
   <subfield code="x">History</subfield>
   <subfield code="y">To 1500</subfield>
  </datafield>
  <datafield tag="650" ind1=" " ind2="0">
   <subfield code="a">Sociology, Urban</subfield>
   <subfield code="z">Africa, North</subfield>
   <subfield code="x">History</subfield>
   <subfield code="y">To 1500</subfield>
  </datafield>
  <datafield tag="651" ind1=" " ind2="0">
   <subfield code="a">Africa, North</subfield>
   <subfield code="x">Antiquities</subfield>
  </datafield>
  <datafield tag="651" ind1=" " ind2="7">
   <subfield code="0">(DE-588)4084774-3</subfield>
   <subfield code="0">(DE-627)10606455X</subfield>
   <subfield code="0">(DE-576)20922309X</subfield>
   <subfield code="a">Africa</subfield>
   <subfield code="2">gnd</subfield>
  </datafield>
  <datafield tag="689" ind1="0" ind2="0">
   <subfield code="d">g</subfield>
   <subfield code="0">(DE-588)4042482-0</subfield>
   <subfield code="0">(DE-627)106214187</subfield>
   <subfield code="0">(DE-576)209050667</subfield>
   <subfield code="a">Nordafrika</subfield>
   <subfield code="2">gnd</subfield>
  </datafield>
  <datafield tag="689" ind1="0" ind2="1">
   <subfield code="d">s</subfield>
   <subfield code="0">(DE-588)4124227-0</subfield>
   <subfield code="0">(DE-627)105749281</subfield>
   <subfield code="0">(DE-576)209566345</subfield>
   <subfield code="a">Spätantike</subfield>
   <subfield code="2">gnd</subfield>
  </datafield>
  <datafield tag="689" ind1="0" ind2="2">
   <subfield code="d">s</subfield>
   <subfield code="0">(DE-588)4056723-0</subfield>
   <subfield code="0">(DE-627)106153919</subfield>
   <subfield code="0">(DE-576)209118741</subfield>
   <subfield code="a">Stadt</subfield>
   <subfield code="2">gnd</subfield>
  </datafield>
  <datafield tag="689" ind1="0" ind2="3">
   <subfield code="d">s</subfield>
   <subfield code="0">(DE-588)4024001-0</subfield>
   <subfield code="0">(DE-627)104603577</subfield>
   <subfield code="0">(DE-576)208952594</subfield>
   <subfield code="a">Heidentum</subfield>
   <subfield code="2">gnd</subfield>
  </datafield>
  <datafield tag="689" ind1="0" ind2="4">
   <subfield code="d">s</subfield>
   <subfield code="0">(DE-588)4761239-3</subfield>
   <subfield code="0">(DE-627)376386495</subfield>
   <subfield code="0">(DE-576)216135508</subfield>
   <subfield code="a">Religiöser Wandel</subfield>
   <subfield code="2">gnd</subfield>
  </datafield>
  <datafield tag="689" ind1="0" ind2="5">
   <subfield code="d">s</subfield>
   <subfield code="0">(DE-588)4277138-9</subfield>
   <subfield code="0">(DE-627)104323795</subfield>
   <subfield code="0">(DE-576)210724315</subfield>
   <subfield code="a">Spolie</subfield>
   <subfield code="2">gnd</subfield>
  </datafield>
  <datafield tag="689" ind1="0" ind2="6">
   <subfield code="a">z</subfield>
   <subfield code="2">gnd</subfield>
   <subfield code="a">Geschichte 300-600</subfield>
  </datafield>
  <datafield tag="689" ind1="0" ind2=" ">
   <subfield code="5">(DE-627)</subfield>
  </datafield>
  <datafield tag="776" ind1="0" ind2="8">
   <subfield code="i">Online-Ausg.</subfield>
   <subfield code="a">Leone, Anna</subfield>
   <subfield code="t">The end of the pagan city</subfield>
   <subfield code="d">Oxford : Oxford University Press, 2013</subfield>
   <subfield code="h">1 online resource</subfield>
   <subfield code="w">(DE-627)1658917715</subfield>
   <subfield code="w">(DE-576)45241136X</subfield>
   <subfield code="z">9780191752292</subfield>
  </datafield>
  <datafield tag="787" ind1="0" ind2="8">
   <subfield code="i">Rezension</subfield>
   <subfield code="a">Berndt, Guido M., 1974 - </subfield>
   <subfield code="t">[Rezension von: Ralf Bockmann, Capital continuous -  Anna Leone, The end of the Pagan City]</subfield>
   <subfield code="d">Mainz : von Zabern, 2013</subfield>
   <subfield code="w">(DE-627)1580089984</subfield>
   <subfield code="w">(DE-576)510089984</subfield>
  </datafield>
  <datafield tag="787" ind1="0" ind2="8">
   <subfield code="i">Rezensiert in</subfield>
   <subfield code="a">Eger, Christoph, 1967 - </subfield>
   <subfield code="t">[Rezension von: Anna Leone, The end of the Pagan City. Religion, Economy, and Urbanism in Late Antique North Africa]</subfield>
   <subfield code="d">2015</subfield>
   <subfield code="w">(DE-627)1796247375</subfield>
  </datafield>
  <datafield tag="787" ind1="0" ind2="8">
   <subfield code="i">Rezensiert in</subfield>
   <subfield code="a">Whelan, Robin</subfield>
   <subfield code="t">The End of the Pagan City: Religion, Economy, and Urbanism in Late Antique North Africa. By Anna Leone</subfield>
   <subfield code="d">2014</subfield>
   <subfield code="w">(DE-627)1783735120</subfield>
  </datafield>
  <datafield tag="856" ind1="4" ind2="2">
   <subfield code="u">https://swbplus.bsz-bw.de/bsz377913936rez.htm</subfield>
   <subfield code="m">B:DE-576;DE-16</subfield>
   <subfield code="q">application/pdf</subfield>
   <subfield code="v">20150724133829</subfield>
   <subfield code="x">Verlag</subfield>
   <subfield code="3">Rezension</subfield>
  </datafield>
  <datafield tag="856" ind1="4" ind2="2">
   <subfield code="u">http://www.sehepunkte.de/2015/07/26147.html</subfield>
   <subfield code="m">V:DE-576;X:Sehepunkte</subfield>
   <subfield code="q">text/html</subfield>
   <subfield code="v">20180417100650</subfield>
   <subfield code="3">Rezension</subfield>
  </datafield>
  <datafield tag="935" ind1=" " ind2=" ">
   <subfield code="a">AUGU</subfield>
  </datafield>
  <datafield tag="935" ind1=" " ind2=" ">
   <subfield code="i">Blocktest</subfield>
  </datafield>
  <datafield tag="936" ind1="r" ind2="v">
   <subfield code="a">NH 8040</subfield>
   <subfield code="b">Allgemeines</subfield>
   <subfield code="k">Geschichte</subfield>
   <subfield code="k">Griechisch-römische Geschichte</subfield>
   <subfield code="k">Römische Geschichte</subfield>
   <subfield code="k">Regionalgeschichte des Römischen Reiches</subfield>
   <subfield code="k">Sonstige Gebiete des Römischen Reiches</subfield>
   <subfield code="k">Nordafrika (Tunesien, Algerien, Marokko; Tripolitana, Africa, Numidia, Mauretania)</subfield>
   <subfield code="k">Allgemeines</subfield>
   <subfield code="0">(DE-627)1271456850</subfield>
   <subfield code="0">(DE-625)rvk/125807:12245</subfield>
   <subfield code="0">(DE-576)201456850</subfield>
  </datafield>
  <datafield tag="936" ind1="r" ind2="v">
   <subfield code="a">NG 1650</subfield>
   <subfield code="b">Religionsgeschichte</subfield>
   <subfield code="k">Geschichte</subfield>
   <subfield code="k">Alte Geschichte</subfield>
   <subfield code="k">Religionsgeschichte</subfield>
   <subfield code="0">(DE-627)1271452367</subfield>
   <subfield code="0">(DE-625)rvk/125419:</subfield>
   <subfield code="0">(DE-576)201452367</subfield>
  </datafield>
  <datafield tag="936" ind1="r" ind2="v">
   <subfield code="a">LG 6600</subfield>
   <subfield code="b">Religionsgeschichtliche Untersuchungen (archäolog.Bezug)</subfield>
   <subfield code="k">Klassische Archäologie</subfield>
   <subfield code="k">Antike Kunst und Kultur</subfield>
   <subfield code="k">Mythos und Religion</subfield>
   <subfield code="k">Religionsgeschichtliche Untersuchungen (archäolog.Bezug)</subfield>
   <subfield code="0">(DE-627)1271517213</subfield>
   <subfield code="0">(DE-625)rvk/92160:</subfield>
   <subfield code="0">(DE-576)201517213</subfield>
  </datafield>
  <datafield tag="936" ind1="r" ind2="v">
   <subfield code="a">NG 8040</subfield>
   <subfield code="b">Siedlung, Städtebau</subfield>
   <subfield code="k">Geschichte</subfield>
   <subfield code="k">Alte Geschichte</subfield>
   <subfield code="k">Geschichte und Kultur des alten Orients und der Mittelmeervölker (ohne Griechen und Römer)</subfield>
   <subfield code="k">Einzelne Reiche und Völker</subfield>
   <subfield code="k">Nordafrika (Punier und westlicher Mittelmeerraum, Karthago)</subfield>
   <subfield code="k">Siedlung, Städtebau</subfield>
   <subfield code="0">(DE-627)1399019643</subfield>
   <subfield code="0">(DE-625)rvk/125441:13125</subfield>
   <subfield code="0">(DE-576)329019643</subfield>
  </datafield>
  <datafield tag="936" ind1="r" ind2="v">
   <subfield code="a">NG 8060</subfield>
   <subfield code="b">Kulturgeschichte</subfield>
   <subfield code="k">Geschichte</subfield>
   <subfield code="k">Alte Geschichte</subfield>
   <subfield code="k">Geschichte und Kultur des alten Orients und der Mittelmeervölker (ohne Griechen und Römer)</subfield>
   <subfield code="k">Einzelne Reiche und Völker</subfield>
   <subfield code="k">Nordafrika (Punier und westlicher Mittelmeerraum, Karthago)</subfield>
   <subfield code="k">Kulturgeschichte</subfield>
   <subfield code="0">(DE-627)1399019651</subfield>
   <subfield code="0">(DE-625)rvk/125441:13126</subfield>
   <subfield code="0">(DE-576)329019651</subfield>
  </datafield>
  <datafield tag="936" ind1="b" ind2="k">
   <subfield code="a">15.91</subfield>
   <subfield code="j">Nordafrika</subfield>
   <subfield code="x">Geschichte</subfield>
   <subfield code="0">(DE-627)181570653</subfield>
  </datafield>
  <datafield tag="936" ind1="b" ind2="k">
   <subfield code="a">11.19</subfield>
   <subfield code="j">Antike Religionen: Sonstiges</subfield>
   <subfield code="0">(DE-627)106404164</subfield>
  </datafield>
  <datafield tag="936" ind1="b" ind2="k">
   <subfield code="a">11.51</subfield>
   <subfield code="j">Frühes Christentum</subfield>
   <subfield code="0">(DE-627)106419641</subfield>
  </datafield>
  <datafield tag="936" ind1="b" ind2="k">
   <subfield code="a">15.28</subfield>
   <subfield code="j">Römisches Reich</subfield>
   <subfield code="q">coli-conc RVK-&gt;BK</subfield>
   <subfield code="q">https://coli-conc.gbv.de/api/mappings/77b3c911-9246-4695-977a-b939ee41f58d</subfield>
   <subfield code="0">(DE-627)106405128</subfield>
  </datafield>
  <datafield tag="951" ind1=" " ind2=" ">
   <subfield code="a">BO</subfield>
  </datafield>
  <datafield tag="990" ind1=" " ind2=" ">
   <subfield code="a">Nordafrika</subfield>
  </datafield>
  <datafield tag="990" ind1=" " ind2=" ">
   <subfield code="a">Spätantike</subfield>
  </datafield>
  <datafield tag="990" ind1=" " ind2=" ">
   <subfield code="a">Stadt</subfield>
  </datafield>
  <datafield tag="990" ind1=" " ind2=" ">
   <subfield code="a">Heidentum</subfield>
  </datafield>
  <datafield tag="990" ind1=" " ind2=" ">
   <subfield code="a">Religiöser Wandel</subfield>
  </datafield>
  <datafield tag="990" ind1=" " ind2=" ">
   <subfield code="a">Spolie</subfield>
  </datafield>
  <datafield tag="990" ind1=" " ind2=" ">
   <subfield code="a">Geschichte 300-600</subfield>
  </datafield>
  <datafield tag="991" ind1=" " ind2=" ">
   <subfield code="a">Rezensiertes Werk</subfield>
  </datafield>
  <datafield tag="999" ind1=" " ind2=" ">
   <subfield code="a">KXP-PPN746859678</subfield>
   <subfield code="e">418294643X</subfield>
  </datafield>
 </record>
</collection>
